| 000 | 00941nam a22002777a 4500 | ||
|---|---|---|---|
| 999 |
_c19205 _d19205 |
||
| 003 | AR-CdUCM | ||
| 008 | 190516b ||||| |||| 00| 0 spa d | ||
| 040 |
_aMUNICIPALIDAD PROVINCIAL DEL CUSCO _cBIBLIOTECA MUNICIPAL DEL CUSCO |
||
| 082 |
_a869.5 / _bZ24 |
||
| 100 |
_aZamalloa Aragón, Demetrio _930369 |
||
| 245 | _aAntología de la poesía en Canchis / | ||
| 260 |
_aLima : _bLima graf, _c1991. |
||
| 300 |
_a190 paginas ; _c22 cm. |
||
| 505 | _aContenido : Poesia | ||
| 650 |
_aLiteratura peruana _9169 |
||
| 650 |
_aLiteratura cusqueña _948396 |
||
| 650 |
_aPoesía peruana _9806 |
||
| 700 |
_aAguilar Guerra, Blas Valerio _947541 |
||
| 700 |
_aAlencastre Gutierrez, andrés _916462 |
||
| 700 |
_aAnco Cayo, Juan _940402 |
||
| 700 |
_aAragon Aedo, José _940403 |
||
| 700 |
_aArguedas Altamirano, Jose Maria _940404 |
||
| 710 |
_aAsociación Provincial Canchis, _940405 |
||
| 942 |
_2ddc _cLIBROS |
||
| 945 |
_awnts _d2019-05-16 |
||